[Event "Winter"]
[Site "SchemingMind.com"]
[Date "2016.03.28"]
[Round "-"]
[White "echecs"]
[Black "fouche"]
[Result "1-0"]
[WhiteCountry "ENG"]
[BlackCountry "COL"]
[WhiteElo "1826"]
[WhiteRD "64"]
[BlackElo "1605"]
[BlackRD "62"]
[GameID "397246"]

1. e4 e5 2. Nf3 Nf6 3. Bc4 Nc6 4. Ng5 d5 5. exd5 Na5 6. Bb5+ c6 7. dxc6 Nxc6 8. Qf3 Be7 9. d3 Bd7 10. Bc4 O-O
11. Nc3 a6 12. O-O h6 13. Nge4 Nd4 14. Qd1 Rc8 15. Nxf6+ Bxf6 16. Ne4 b5 17. Bb3 Nxb3 18. axb3 Ra8 19. Qf3 Be7 20. Qg3 Qc7
21. Bxh6 g6 22. Bxf8 Bxf8 23. c3 Bg7 24. Qh4 Bc6 25. Nc5 a5 26. b4 a4 27. Rfd1 Re8 28. Re1 Qd6 29. Qg4 f5 30. Qg3 Qd5
31. Qxg6 Rf8 32. c4 bxc4 33. dxc4 Qxc4 34. Qxc6 Qxb4 35. Nxa4 e4 36. Nc5 Qxb2 37. Ne6 Rf6 38. Qe8+ Kh7 39. Nxg7
1-0

[Event "Winter"]
[Site "SchemingMind.com"]
[Date "2016.03.28"]
[Round "-"]
[White "echecs"]
[Black "emvarela"]
[Result "1-0"]
[WhiteCountry "ENG"]
[BlackCountry "ARG"]
[WhiteElo "1838"]
[WhiteRD "65"]
[BlackElo "1652"]
[BlackRD "47"]
[GameID "397247"]

1. e4 e5 2. Nf3 Nc6 3. Bc4 Bc5 4. O-O h6 5. c3 d6 6. d4 exd4 7. cxd4 Bb6 8. a3 Bg4 9. Be3 Nf6 10. Nc3 Qe7
11. Re1 O-O 12. d5 Ne5 13. Be2 Bxe3 14. fxe3 Bxf3 15. gxf3 Ned7 16. Kf2 Rfe8 17. Rg1 a6 18. Rg2 Nf8 19. Bd3 c5 20. Qc2 b5
21. Rag1 g6 22. b3 N8d7 23. f4 Nf8 24. Kf3 Kh7 25. h4 Rac8 26. f5 c4 27. bxc4 bxc4 28. fxg6+ fxg6 29. Be2
1-0

[Event "Winter"]
[Site "SchemingMind.com"]
[Date "2016.03.28"]
[Round "-"]
[White "emvarela"]
[Black "echecs"]
[Result "1-0"]
[WhiteCountry "ARG"]
[BlackCountry "ENG"]
[WhiteElo "1695"]
[WhiteRD "48"]
[BlackElo "1841"]
[BlackRD "63"]
[GameID "397248"]

1. e4 e5 2. Nf3 Nc6 3. Bb5 Nf6 4. O-O d6 5. Re1 Bd7 6. Bxc6 Bxc6 7. d3 Be7 8. Be3 O-O 9. Nc3 Bd7 10. d4 exd4
11. Nxd4 Bg4 12. f3 Bh5 13. Nd5 Nxd5 14. exd5 a6 15. Nf5 Bf6 16. Bd4 Bg6 17. Ne3 Bh4 18. g3 Bf6 19. Bxf6 Qxf6 20. c3 Bh5
21. g4 Bg6 22. Ng2 Rfe8 23. Rf1 h6 24. Qd2 Qe7 25. Rfe1 Qf6 26. Kf2 Re7 27. Rxe7 Qxe7 28. Re1 Qd7 29. Nf4 Bh7 30. Qd4 c5
31. Qe3 Kf8 32. h4 Re8 33. Qxe8+ Qxe8 34. Rxe8+ Kxe8 35. Ke3 Ke7 36. Nd3 b5 37. f4 c4 38. Nb4 Bb1 39. a3 g6 40. g5 hxg5
41. hxg5 Kd7 42. Nxa6 Bf5 43. Nb8+ Kc7 44. Nc6 Bh3 45. Nd4 Kb6 46. Nc6 Bg2 47. Kd4 Kc7 48. Ne7 Bh3 49. Ng8 Kd7 50. a4 bxa4
51. Kxc4 Bg4 52. Nf6+ Ke7 53. Nxg4
1-0

[Event "Winter"]
[Site "SchemingMind.com"]
[Date "2016.03.28"]
[Round "-"]
[White "echecs"]
[Black "Phillip Beckett"]
[Result "0-1"]
[WhiteCountry "ENG"]
[BlackCountry "ENG"]
[WhiteElo "1802"]
[WhiteRD "67"]
[BlackElo "1549"]
[BlackRD "49"]
[GameID "397249"]

1. e4 e5 2. Nf3 Nc6 3. Bc4 Nf6 4. Ng5 Bc5 5. Nxf7 Bxf2+ 6. Kf1 Qe7 7. Nxh8 d5 8. exd5 Na5 9. Bb5+ c6 10. dxc6 bxc6
11. Be2 Be6 12. Kxf2 Ne4+ 13. Kg1 Qc5+ 14. d4 exd4 15. Bd3 O-O-O 16. b4 Qxb4 17. Bxe4 d3 18. Bxd3 Qc5+ 19. Kf1 Rf8+ 20. Ke1 Qf2#
0-1

[Event "Winter"]
[Site "SchemingMind.com"]
[Date "2016.03.28"]
[Round "-"]
[White "Phillip Beckett"]
[Black "echecs"]
[Result "0-1"]
[WhiteCountry "ENG"]
[BlackCountry "ENG"]
[WhiteElo "1556"]
[WhiteRD "49"]
[BlackElo "1826"]
[BlackRD "64"]
[GameID "397250"]

1. e4 e5 2. Nf3 Nc6 3. Bb5 Nf6 4. d3 d6 5. c3 Bd7 6. h3 a6 7. Ba4 Be7 8. O-O O-O 9. b4 b5 10. Bb3 Qc8
11. Nbd2 Rb8 12. a4 Nd8 13. a5 Ne6 14. Re1 Nf4 15. Nf1 Nxg2 16. Kxg2 Bxh3+ 17. Kg1 Qg4+ 18. Ng3 Nh5 19. Nh2 Qxd1 20. Bxd1 Nxg3
21. fxg3 Be6 22. Ng4 f5 23. exf5 Rxf5 24. Be3 Bg5 25. Bxg5 Rxg5 26. Be2 Bxg4 27. Bxg4 Rxg4 28. Kh2 Rf8 29. Re3 h5 30. Rae1 h4
31. gxh4 Rxh4+ 32. Rh3 Rxh3+ 33. Kxh3 Rf3+ 34. Kg4 Rxd3 35. Kf5 Rxc3 36. Ke6 Rc4 37. Kd7 g6
0-1

[Event "Winter"]
[Site "SchemingMind.com"]
[Date "2016.03.28"]
[Round "-"]
[White "echecs"]
[Black "Scooter"]
[Result "0-1"]
[WhiteCountry "ENG"]
[BlackCountry "USA"]
[WhiteElo "1826"]
[WhiteRD "64"]
[BlackElo "1731"]
[BlackRD "47"]
[GameID "397251"]

1. e4 c6 2. d4 d5 3. Nc3 dxe4 4. Nxe4 Bf5 5. Ng3 Bg6 6. h4 h6 7. h5 Bh7 8. Bd3 Bxd3 9. Qxd3 Nd7 10. Nf3 Qc7
11. Bd2 O-O-O 12. Qa3 Kb8 13. O-O-O e6 14. Qa4 Ngf6 15. Rhe1 Bd6 16. Ne5 Nxe5 17. dxe5 Bxe5 18. Rxe5 Rxd2 19. Rxd2 Qxe5 20. a3 Nxh5
21. Nxh5 Qxh5 22. Qf4+ e5 23. Qg3 Qg5 24. Qxg5 hxg5 25. Rd7 Rf8 26. Re7 Kc8 27. Rxe5 f6 28. Re7 Rg8 29. Kd2 Rd8+ 30. Kc3 Rd7
31. Re8+ Kc7 32. g3 Kd6 33. a4 Re7 34. Rb8 Ke5 35. Kd3 Kf5 36. f3 g4 37. f4 Rd7+ 38. Ke3 g5 39. fxg5 Kxg5 40. Ra8 a6
41. Rg8+ Kf5 42. b3 Re7+ 43. Kd3 Re4 44. Rg7 Rb4 45. Kc3 a5 46. Re7 Kg6 47. Kb2 f5 48. c4 Kf6 49. Rd7 Ke6 50. Rd4 Ke5
51. Rf4 c5 52. Kc3 Rb6 53. Rf1 Rd6 54. Re1+ Kf6 55. Re8 Kf7 56. Re5 f4 57. gxf4 g3 58. Rg5 Rg6 59. Rf5+ Kg7 60. Rxc5 g2
61. Rxa5 g1=Q 62. Rb5 Qe3+ 63. Kb4 Qd2+ 64. Ka3 b6 65. f5 Rf6 66. Rd5 Qf4 67. Rd7+ Kh6 68. Rd5 Rxf5 69. Rd8 Qc1+ 70. Kb4 Qe1+
71. Ka3 Qe7+
0-1

[Event "Winter"]
[Site "SchemingMind.com"]
[Date "2016.03.28"]
[Round "-"]
[White "Scooter"]
[Black "echecs"]
[Result "1-0"]
[WhiteCountry "USA"]
[BlackCountry "ENG"]
[WhiteElo "1731"]
[WhiteRD "47"]
[BlackElo "1826"]
[BlackRD "64"]
[GameID "397252"]

1. d4 d6 2. Nf3 c6 3. Bf4 Nf6 4. e3 e6 5. Be2 Nbd7 6. O-O Be7 7. Nbd2 Nh5 8. c4 Nxf4 9. exf4 O-O 10. b3 Bf6
11. Rc1 a6 12. Re1 Qa5 13. Qc2 Re8 14. Ng5 Bxg5 15. fxg5 e5 16. dxe5 Nxe5 17. Bd3 g6 18. Ne4 Bf5 19. Nf6+ Kf8 20. Bxf5 Kg7
21. Nxe8+ Rxe8 22. Be4 Kf8 23. Rcd1 Qb4 24. Qb2 Re6 25. a3 Qc5 26. Rd4 b5 27. Red1 bxc4 28. bxc4 Nxc4 29. Qb8+ Kg7 30. Qb4 Qxb4
31. axb4 d5 32. Bd3 Nb2 33. Rb1 Nxd3 34. Rxd3 Re5 35. h4 Re4 36. g3 Rc4 37. Rb2 h6 38. gxh6+ Kxh6 39. Ra3 f5 40. Rxa6 Kh5
41. b5 cxb5 42. Rxb5 Rd4 43. Rbb6 Kg4 44. Rxg6+ Kh3 45. Kf1 f4 46. gxf4 Rxf4 47. Rg3+ Kh2 48. Rag6 Rd4 49. Rg2+ Kh3 50. R6g3+
1-0

[Event "Winter"]
[Site "SchemingMind.com"]
[Date "2016.03.28"]
[Round "-"]
[White "echecs"]
[Black "Transcendent"]
[Result "1-0"]
[WhiteCountry "ENG"]
[BlackCountry "ENG"]
[WhiteElo "1826"]
[WhiteRD "64"]
[BlackElo "1506"]
[BlackRD "53"]
[GameID "397253"]

1. e4 e6 2. d4 d5 3. exd5 exd5 4. c3 Bd6 5. Nf3 Ne7 6. Be2 O-O 7. Bg5 f6 8. Be3 Nf5 9. Bd2 Re8 10. O-O c6
11. Bd3 Qc7 12. Qc2 g6 13. h3 Be6 14. Re1 Nd7 15. Na3 Bf7 16. Bxf5
1-0

[Event "Winter"]
[Site "SchemingMind.com"]
[Date "2016.03.28"]
[Round "-"]
[White "Transcendent"]
[Black "echecs"]
[Result "0-1"]
[WhiteCountry "ENG"]
[BlackCountry "ENG"]
[WhiteElo "1506"]
[WhiteRD "53"]
[BlackElo "1826"]
[BlackRD "64"]
[GameID "397254"]

1. d4 d6 2. c4 c6 3. g3 Nf6 4. Bg2 g6 5. Nc3 Bg7 6. Nf3 O-O 7. O-O a6 8. a4 Nbd7 9. h3 Qa5 10. Bd2 Qc7
11. Rc1 e5 12. e4 exd4
0-1

[Event "Winter"]
[Site "SchemingMind.com"]
[Date "2016.03.28"]
[Round "-"]
[White "echecs"]
[Black "kenneth m day"]
[Result "1-0"]
[WhiteCountry "ENG"]
[BlackCountry "USA"]
[WhiteElo "1841"]
[WhiteRD "63"]
[BlackElo "1705"]
[BlackRD "53"]
[GameID "397255"]

1. e4 e5 2. Nf3 Nc6 3. Bc4 Nf6 4. Ng5 d5 5. exd5 Nxd5 6. Nxf7 Kxf7 7. Qf3+ Ke6 8. Nc3 Nd4 9. Qxd5+ Qxd5 10. Bxd5+ Kd6
11. Be4 Be6 12. O-O c6 13. Bd3 Be7 14. b3 g6 15. Ba3+ c5 16. Ne4+ Kc6 17. Rfe1 Rhf8 18. c3 Nf5 19. f3 b6 20. Nf2 Bf6
21. Ng4 Rad8 22. Be4+ Bd5 23. d3 Bxe4 24. dxe4 Nd6 25. Rad1 Bg7 26. Bb2 Rfe8 27. Rd5 Nf7 28. c4 h5 29. Nf2 Rd6 30. Red1 Red8
31. g3 R8d7 32. h4 a6 33. a4 Bf6 34. Rxd6+ Rxd6 35. Rd5 Kd7 36. Nd3 Ke6 37. Kf2 Rc6 38. Ke3 Rd6 39. Ke2 Rc6 40. Bc3 Rd6
41. b4 Rc6 42. bxc5 bxc5 43. Nxc5+ Ke7 44. Bb4 Nd6 45. Nb7 Kd7 46. c5
1-0

[Event "Winter"]
[Site "SchemingMind.com"]
[Date "2016.03.28"]
[Round "-"]
[White "kenneth m day"]
[Black "echecs"]
[Result "0-1"]
[WhiteCountry "USA"]
[BlackCountry "ENG"]
[WhiteElo "1699"]
[WhiteRD "51"]
[BlackElo "1826"]
[BlackRD "64"]
[GameID "397256"]

1. e4 e5 2. f4 exf4 3. Nf3 d6 4. d4 g5 5. g3 g4 6. Nh4 f3 7. Nxf3 gxf3 8. Qxf3 Qf6 9. Qe3 Bh6 10. Qc3 Bxc1
11. Qxc7 Ne7 12. Nc3 Qg5 13. Bb5+ Nbc6 14. O-O Bxb2 15. Bxc6+ bxc6 16. Rab1 Bxc3 17. Qxd6 O-O
0-1

[Event "Winter"]
[Site "SchemingMind.com"]
[Date "2016.03.28"]
[Round "-"]
[White "echecs"]
[Black "Wojtek26"]
[Result "1-0"]
[WhiteCountry "ENG"]
[BlackCountry "POL"]
[WhiteElo "1802"]
[WhiteRD "67"]
[BlackElo "1547"]
[BlackRD "48"]
[GameID "397257"]

1. e4 e5 2. Nf3 Nc6 3. Bc4 Nf6 4. Ng5 d5 5. exd5 Nxd5 6. Nxf7 Kxf7 7. Qf3+ Ke6 8. Nc3 Ne7 9. O-O c6 10. d4 b5
11. Bb3 b4 12. Nxd5 Nxd5 13. dxe5 Ba6 14. Qg4+ Kf7 15. Qf5+ Kg8 16. Qe6#
1-0

[Event "Winter"]
[Site "SchemingMind.com"]
[Date "2016.03.28"]
[Round "-"]
[White "Wojtek26"]
[Black "echecs"]
[Result "1/2-1/2"]
[WhiteCountry "POL"]
[BlackCountry "ENG"]
[WhiteElo "1571"]
[WhiteRD "49"]
[BlackElo "1826"]
[BlackRD "64"]
[GameID "397258"]

1. d4 d6 2. c4 c6 3. Nf3 Nf6 4. e3 Bg4 5. Be2 g6 6. O-O Bg7 7. h3 Bd7 8. a3 a6 9. b4 b5 10. c5 dxc5
11. dxc5 Ne4 12. Nbd2 Nxd2 13. Bxd2 Bxa1 14. Qxa1 O-O 15. e4 f6 16. Bh6 Re8 17. Ng5 e5 18. Nf3 Kf7 19. Rd1 Qe7 20. Rd6 g5
21. Nxg5+ Kg6 22. f4 Kxh6 23. fxe5 Kxg5 24. Qc1+ Kg6 25. Rxf6+ Kg7 26. Qg5+ Kh8 27. Bh5 Qxe5 28. Rf8+ Rxf8 29. Qxe5+ Kg8 30. Qg5+ Kh8
31. Qe5+ Kg8 32. Qg5+ Kh8=
1/2-1/2

[Event "Winter"]
[Site "SchemingMind.com"]
[Date "2016.03.24"]
[Round "-"]
[White "Phillip Beckett"]
[Black "Perko"]
[Result "1-0"]
[WhiteCountry "ENG"]
[BlackCountry "CRO"]
[WhiteElo "1556"]
[WhiteRD "49"]
[BlackElo "1243"]
[BlackRD "123"]
[GameID "397291"]

1. e4 c5 2. Nf3 Nc6 3. d4 cxd4 4. Nxd4 Nf6 5. Nc3 e5 6. Ndb5 d6 7. Bg5 a6 8. Na3 b5 9. Nd5 Be7 10. Bxf6 gxf6
11. c3 f5 12. Bd3 Be6 13. Nc2 Bg5 14. Nce3 fxe4 15. Bxe4 Rb8 16. g3
1-0

[Event "Winter"]
[Site "SchemingMind.com"]
[Date "2016.03.24"]
[Round "-"]
[White "Perko"]
[Black "Phillip Beckett"]
[Result "0-1"]
[WhiteCountry "CRO"]
[BlackCountry "ENG"]
[WhiteElo "1243"]
[WhiteRD "123"]
[BlackElo "1556"]
[BlackRD "49"]
[GameID "397292"]

1. e4 e5 2. Nf3 Nc6 3. Bb5 a6 4. Bxc6 dxc6 5. Nc3 f6 6. d4 exd4 7. Qxd4 Qxd4 8. Nxd4 Bd7 9. Be3 O-O-O 10. O-O-O Ne7
11. f4 Ng6 12. Nb3 Bb4 13. f5 Ne5 14. Ne2 Nc4 15. Bc5 Bxc5 16. Nxc5 Nd6 17. Nxd7 Rxd7 18. Nc3 Rhd8 19. g4 Nc4 20. h4 Rxd1+
0-1

[Event "Winter"]
[Site "SchemingMind.com"]
[Date "2016.03.24"]
[Round "-"]
[White "Wojtek26"]
[Black "Perko"]
[Result "1-0"]
[WhiteCountry "POL"]
[BlackCountry "CRO"]
[WhiteElo "1571"]
[WhiteRD "49"]
[BlackElo "1243"]
[BlackRD "123"]
[GameID "397299"]

1. d4 d5 2. c4 Nc6 3. e3 e5 4. cxd5 Qxd5 5. Nc3 Bb4 6. Bd2 Bxc3 7. Bxc3 exd4 8. Bxd4 Nxd4 9. Qxd4 Qxd4 10. exd4 Nf6
11. Bb5+ Bd7 12. Bxd7+ Kxd7 13. f3
1-0

[Event "Winter"]
[Site "SchemingMind.com"]
[Date "2016.03.24"]
[Round "-"]
[White "Perko"]
[Black "Wojtek26"]
[Result "0-1"]
[WhiteCountry "CRO"]
[BlackCountry "POL"]
[WhiteElo "1243"]
[WhiteRD "123"]
[BlackElo "1571"]
[BlackRD "49"]
[GameID "397300"]

1. e4 e5 2. Nf3 Nc6 3. Bb5 d6 4. O-O Bd7 5. c3 Nf6 6. Re1 Be7 7. d4 exd4 8. cxd4 a6 9. Ba4 b5 10. Bc2 O-O
11. h3 h6 12. a3 Re8 13. Qd3 Qc8
0-1